| 000 | 00962nam0a22003011 4500 | ||
|---|---|---|---|
| 001 | v19\rc\1882215 | ||
| 005 | 20251118180330.9 | ||
| 035 | _a(NLR Aleph) 004972002 | ||
| 090 |
_a6094601 _c6094601 |
||
| 100 | _a20080221d1910 u y0rusy50 ca | ||
| 101 | 1 |
_arus _afre _cfre |
|
| 102 |
_aRU _aPL |
||
| 105 | _ay z ||||| | ||
| 200 | 1 |
_aПолный ключ к французской хрестоматии Feuille & Martin _eПо послед. изд. пер. Ж.А. Пэрно. Ч. 1 |
|
| 205 | _a2-е изд., испр. и доп. | ||
| 210 |
_aСанкт-Петербург _aВаршава _cОрос _d1910 _eВаршава |
||
| 215 |
_a143 с. _d20 |
||
| 700 | 1 |
_aПэрно _bЖ.А. |
|
| 702 | 1 |
_aFenillge _bL. _4570 |
|
| 702 | 1 |
_aMartin _bL. _4570 |
|
| 801 | 0 |
_aRU _bNLR _gpsbo |
|
| 801 | 0 |
_aRU _bRuMoRGB _2psbo |
|
| 801 | 1 |
_aRU _bProSoft-M _2rusmarc |
|
| 852 |
_aNLR _j38.80.4.48 |
||
| 899 |
_aRuMoRGB _jU 8/256 |
||
| 899 | _aБАН | ||
| 942 | _cBOOK | ||
| 980 | _aNB | ||